[Event "Veyangoda Queenstar op"]
[Site "Veyangoda"]
[Date "2023.04.19"]
[Round "7"]
[White "Dahanayake, Isara Banidu"]
[Black "Dabarera, GWDM"]
[Result "1/2-1/2"]
[WhiteElo "1821"]
[BlackElo "1956"]
[PlyCount "101"]
[EventDate "2023.04.16"]
[EventType "swiss"]
[EventRounds "9"]
[EventCountry "SRI"]
[SourceTitle "EXT 2024"]
[Source "ChessBase"]
[SourceDate "2023.10.10"]
[SourceVersion "1"]
[SourceVersionDate "2023.10.10"]
[SourceQuality "1"]

1. e4 e5 2. Nf3 Nc6 3. Bb5 a6 4. Bxc6 dxc6 5. 0-0 Bg4 6. h3 h5 7. d3 Qf6 8. Nbd2 Bd6 9. Nc4 c5 10. a4 g5 11. Re1 Bxf3 12. Qxf3 Qxf3 13. gxf3 Ne7 14. Kh2 f6 15. h4 gxh4 16. f4 exf4 17. Nxd6+ cxd6 18. Bxf4 Kd7 19. Rg1 Rag8 20. Kh3 Ng6 21. Bh2 Rh7 22. f4 Rhg7 23. Raf1 Nxf4+ 24. Rxf4 Rxg1 25. Bxg1 Rxg1 26. Rxf6 Rh1+ 27. Kg2 Rb1 28. b3 Rc1 29. Rf2 Ke6 30. Kh3 d5 31. Kxh4 Rh1+ 32. Kg3 dxe4 33. dxe4 Re1 34. Rf5 h4+ 35. Kf2 Rxe4 36. Rxc5 Kd6 37. Rh5 Rg4 38. Kf3 Rg3+ 39. Kf4 Rc3 40. Rxh4 Rxc2 41. Kf5 Rc5+ 42. Kf6 Rc3 43. b4 b5 44. axb5 axb5 45. Rd4+ Kc6 46. Ke5 Re3+ 47. Re4 Rh3 48. Rd4 Rh5+ 49. Ke4 Rg5 50. Kf4 Rd5 51. Ke4 1/2-1/2

[Event "Colombo Golden Jubilee op"]
[Site "Colombo"]
[Date "2022.11.23"]
[Round "2"]
[White "Dahanayake, Isara Banidu"]
[Black "Alahakoon, Isuru"]
[Result "1-0"]
[WhiteElo "1795"]
[BlackElo "1984"]
[PlyCount "143"]
[EventDate "2022.11.23"]
[EventType "swiss"]
[EventRounds "9"]
[EventCountry "SRI"]
[SourceTitle "CBM 211 Extra"]
[Source "ChessBase"]
[SourceDate "2023.01.31"]
[SourceVersion "1"]
[SourceVersionDate "2023.01.31"]
[SourceQuality "1"]

1. e4 c6 2. d4 d5 3. Nc3 dxe4 4. Nxe4 Nf6 5. Nxf6+ exf6 6. Be3 Bd6 7. Bd3 0-0 8. Ne2 Bf5 9. 0-0 Bxd3 10. Qxd3 Na6 11. c4 Re8 12. Rfd1 Qa5 13. a3 Qh5 14. Ng3 Qh4 15. d5 c5 16. Rac1 Nb8 17. b4 b6 18. f4 g6 19. bxc5 Rxe3 20. Qxe3 Bxc5 21. Rd4 Nd7 22. Ne4 Re8 23. g3 Qg4 24. Qd3 Bxd4+ 25. Qxd4 Qf3 26. Nc3 Nc5 27. d6 Ne6 28. Qd2 Nc5 29. Qd4 Qe3+ 30. Qxe3 Rxe3 31. Nd5 Re6 32. Rd1 f5 33. Nc7 Re3 34. d7 Nxd7 35. Rxd7 Rxa3 36. Nb5 Ra4 37. Rc7 a5 38. Nd6 Rb4 39. Nxf7 a4 40. Ne5 Rb1+ 41. Kg2 a3 42. Ra7 Rb2+ 43. Kh3 a2 44. Nd3 Rb3 45. Nc1 Rc3 46. Nxa2 Rxc4 47. Rb7 Rc6 48. Nb4 Rd6 49. Nc2 Re6 50. Nd4 Rd6 51. Nb5 Re6 52. Na7 Rf6 53. Nc8 b5 54. Rxb5 Rf7 55. Nd6 Rf6 56. Rb8+ Rf8 57. Rxf8+ Kxf8 58. g4 fxg4+ 59. Kxg4 Ke7 60. Ne4 Kf7 61. f5 gxf5+ 62. Kxf5 Kg7 63. Kg5 Kh8 64. Kh6 Kg8 65. h4 Kh8 66. h5 Kg8 67. Nf6+ Kh8 68. Nxh7 Kg8 69. Kg6 Kh8 70. Ng5 Kg8 71. h6 Kh8 72. Nf7+ 1-0

[Event "Titled Tuesday intern op 09th Aug Early"]
[Site "Chess.com INT"]
[Date "2022.08.09"]
[Round "7"]
[White "Dahanayake, Isara Banidu"]
[Black "Vargas, Mauricio"]
[Result "1-0"]
[WhiteElo "1803"]
[BlackElo "2094"]
[PlyCount "111"]
[EventDate "2022.08.09"]
[EventType "swiss (blitz)"]
[EventRounds "11"]
[EventCountry "USA"]
[SourceTitle "EXT 2023"]
[Source "ChessBase"]
[SourceDate "2022.10.05"]
[SourceVersion "1"]
[SourceVersionDate "2022.10.05"]
[SourceQuality "1"]

1. e4 d5 2. exd5 Qxd5 3. Nc3 Qa5 4. d4 c6 5. Nf3 Nf6 6. Ne5 Bf5 7. Nc4 Qc7 8. Qf3 e6 9. Bf4 Qc8 10. Nd6+ Bxd6 11. Bxd6 Qd7 12. Be5 Qe7 13. Bd3 Bg6 14. h4 Bxd3 15. Qxd3 Nbd7 16. 0-0-0 Rd8 17. Qg3 0-0 18. Bd6 Qe8 19. Bxf8 Nxf8 20. h5 h6 21. f4 b5 22. Qf3 a5 23. Ne4 Nd5 24. Rh3 b4 25. Rg3 Kh8 26. Qg4 g6 27. Rh1 f5 28. Qh4 fxe4 29. hxg6 Kg7 30. Qxh6+ Kf6 31. g7+ Ke7 32. g8Q Kd6 33. Qhg7 e3 34. Qe5+ Kd7 35. Rg7+ Kc8 36. Qf7 Qxf7 37. Rxf7 e2 38. Kd2 e1Q+ 39. Kxe1 Nd7 40. Rxd7 Rxd7 41. Rh8+ Kb7 42. Qb8+ Ka6 43. Qa8+ Ra7 44. Qxc6+ Nb6 45. Rb8 Rb7 46. Qxb7+ Kb5 47. Qxb6+ Kc4 48. b3+ Kc3 49. Qc5+ Kb2 50. Kd2 e5 51. fxe5 a4 52. e6 a3 53. e7 Kxa2 54. e8Q Kb2 55. Qe1 a2 56. Qc1# 1-0

[Event "Titled Tuesday intern op 02nd Aug Early"]
[Site "Chess.com INT"]
[Date "2022.08.02"]
[Round "7"]
[White "Carrasco Miranda, Andres"]
[Black "Dahanayake, Isara Banidu"]
[Result "1-0"]
[WhiteElo "2285"]
[BlackElo "1803"]
[PlyCount "73"]
[EventDate "2022.08.02"]
[EventType "swiss (blitz)"]
[EventRounds "11"]
[EventCountry "USA"]
[SourceTitle "EXT 2023"]
[Source "ChessBase"]
[SourceDate "2022.10.05"]
[SourceVersion "1"]
[SourceVersionDate "2022.10.05"]
[SourceQuality "1"]

1. d4 Nf6 2. c4 g6 3. g3 Bg7 4. Bg2 0-0 5. Nc3 d6 6. Nf3 Nc6 7. 0-0 Bf5 8. d5 Na5 9. Nd2 c5 10. e4 Bd7 11. Rb1 a6 12. b3 b5 13. Bb2 Ng4 14. Qc2 bxc4 15. bxc4 Ne5 16. Nd1 Rb8 17. h3 Qe8 18. f4 Ba4 19. Qc3 Rxb2 20. Nxb2 Nexc4 21. Ndxc4 Bxc3 22. Nxa5 Bd4+ 23. Kh2 Bb5 24. Nbc4 Bxc4 25. Nxc4 Qa4 26. Nb6 Qxa2 27. e5 Rb8 28. e6 fxe6 29. dxe6 c4 30. f5 Rxb6 31. Rxb6 Bxb6 32. f6 exf6 33. Rxf6 c3 34. e7 Qf7 35. Bd5 Qxd5 36. e8Q+ Kg7 37. Qf8# 1-0

[Event "Titled Tuesday intern op 02nd Aug Early"]
[Site "Chess.com INT"]
[Date "2022.08.02"]
[Round "11"]
[White "Dahanayake, Isara Banidu"]
[Black "Zenin, Dmitri"]
[Result "0-1"]
[WhiteElo "1803"]
[BlackElo "2163"]
[PlyCount "116"]
[EventDate "2022.08.02"]
[EventType "swiss (blitz)"]
[EventRounds "11"]
[EventCountry "USA"]
[SourceTitle "EXT 2023"]
[Source "ChessBase"]
[SourceDate "2022.10.05"]
[SourceVersion "1"]
[SourceVersionDate "2022.10.05"]
[SourceQuality "1"]

1. e4 g6 2. d4 Bg7 3. Nc3 d6 4. f4 a6 5. Nf3 b5 6. a3 Bb7 7. Bd3 Nd7 8. 0-0 c5 9. dxc5 Nxc5 10. Be3 Nf6 11. Bxc5 dxc5 12. e5 Nd5 13. Nxd5 Qxd5 14. c4 Qc6 15. Qe2 b4 16. Rfe1 0-0 17. Rad1 Rfd8 18. Ng5 Bh6 19. Be4 Qc7 20. Bxb7 Qxb7 21. e6 Bxg5 22. exf7+ Kf8 23. fxg5 Qc7 24. axb4 cxb4 25. b3 a5 26. Rf1 Qc5+ 27. Kh1 Qxg5 28. Qb2 e5 29. Rxd8+ Rxd8 30. Qf2 Rd4 31. Qf3 Rf4 32. Qa8+ Kxf7 33. Rxf4+ Qxf4 34. Qa7+ Kf6 35. Qb6+ Kf5 36. h3 Qd4 37. Qxa5 Kf4 38. Qc7 Qd1+ 39. Kh2 Qxb3 40. Qf7+ Ke4 41. Qd5+ Kf5 42. g4+ Kf4 43. Qd2+ Qe3 44. Qd6 b3 45. Qf6+ Ke4 46. Qc6+ Kd3 47. Qd5+ Kc2 48. Qg2+ Qd2 49. c5 Qxg2+ 50. Kxg2 b2 51. c6 b1Q 52. c7 Qb7+ 53. Kg3 Qxc7 54. Kh4 Qg7 55. Kg5 h6+ 56. Kh4 Qf6+ 57. Kg3 Qf4+ 58. Kg2 e4 0-1

[Event "Titled Tuesday intern op 22nd Feb Early"]
[Site "Chess.com INT"]
[Date "2022.02.22"]
[Round "8"]
[White "Dahanayake, Isara Banidu"]
[Black "Viskelis, Darius"]
[Result "1-0"]
[WhiteElo "1749"]
[BlackElo "2200"]
[PlyCount "117"]
[EventDate "2022.02.22"]
[EventType "swiss (blitz)"]
[EventRounds "11"]
[EventCountry "USA"]
[SourceTitle "CBM 207 Extra"]
[Source "ChessBase"]
[SourceDate "2022.05.31"]
[SourceVersion "1"]
[SourceVersionDate "2022.05.31"]
[SourceQuality "1"]

1. e4 Nc6 2. d4 d5 3. e5 Bf5 4. Nf3 f6 5. Bd3 Qd7 6. 0-0 0-0-0 7. c3 g5 8. exf6 exf6 9. b4 Bd6 10. b5 Na5 11. Qa4 b6 12. Bxf5 Qxf5 13. Nbd2 g4 14. Nh4 Qh5 15. g3 Ne7 16. Nb3 Ng6 17. Ng2 Nc4 18. Qxa7 Kd7 19. Qb7 Ne7 20. Nf4 Qf5 21. Re1 Rb8 22. Rxe7+ Kxe7 23. Qc6 Qc2 24. Nxd5+ Kf7 25. Qxc4 Qd1+ 26. Qf1 Qf3 27. Nf4 Qxc3 28. Bd2 Qf3 29. Qc4+ Kg7 30. Ne6+ Kg6 31. Qc2+ Qf5 32. Qc4 Rhe8 33. Re1 Re7 34. d5 Ra8 35. Nbd4 Qh5 36. Qd3+ Kf7 37. Nf5 Ree8 38. Nfg7 Qg6 39. Qxg6+ hxg6 40. Nxe8 Rxe8 41. Bf4 Bb4 42. Rc1 g5 43. Rxc7+ Kg6 44. Rg7+ Kf5 45. Be3 Ke4 46. Bxb6 Kxd5 47. Nc7+ Ke4 48. Nxe8 Kf3 49. Nxf6 Be1 50. Nxg4 Bxf2+ 51. Nxf2 g4 52. Rf7+ Ke2 53. Rf4 Ke1 54. Rxg4 Ke2 55. h4 Kf3 56. h5 Ke2 57. h6 Kf3 58. h7 Ke2 59. h8Q 1-0

[Event "SRI-ch"]
[Site "Nugegoda"]
[Date "2021.12.29"]
[Round "10"]
[White "Dahanayake, Isara Banidu"]
[Black "Weerasinghe, CC."]
[Result "1/2-1/2"]
[WhiteElo "1721"]
[BlackElo "1784"]
[PlyCount "86"]
[EventDate "2021.12.24"]
[EventType "tourn"]
[EventRounds "13"]
[EventCountry "SRI"]
[SourceTitle "CBM 205 Extra"]
[Source "ChessBase"]
[SourceDate "2022.01.31"]
[SourceVersion "1"]
[SourceVersionDate "2022.01.31"]
[SourceQuality "1"]

1. e4 c5 2. Nf3 Nc6 3. Bb5 g6 4. Bxc6 bxc6 5. 0-0 Bg7 6. Re1 Nf6 7. e5 Nd5 8. c4 Nc7 9. d4 cxd4 10. Qxd4 Ne6 11. Qh4 0-0 12. Bh6 f6 13. Bxg7 Nxg7 14. exf6 exf6 15. Nc3 g5 16. Qd4 Ne6 17. Qd6 Qb6 18. b3 Qb8 19. Rad1 Qxd6 20. Rxd6 Re8 21. Kf1 Kf7 22. Ne4 a5 23. Rd2 Re7 24. Nd6+ Kf8 25. Nf5 Re8 26. Nd6 Re7 27. Rde2 a4 28. Nd4 axb3 29. axb3 Rb8 30. N4f5 Ba6 31. Nxe7 Kxe7 32. Nf5+ Kf7 33. Rd2 d5 34. Nh6+ Kg6 35. Rxe6 dxc4 36. Ke1 cxb3 37. Rb2 Kxh6 38. Rxf6+ Kg7 39. Rxc6 Bd3 40. Rc7+ Kg6 41. f3 Bc2 42. Kd2 Rd8+ 43. Kc3 Rd3+ 1/2-1/2

[Event "SRI-ch"]
[Site "Nugegoda"]
[Date "2021.12.27"]
[Round "7"]
[White "Dahanayake, Isara Banidu"]
[Black "De Silva, LMST"]
[Result "0-1"]
[WhiteElo "1721"]
[BlackElo "2131"]
[PlyCount "140"]
[EventDate "2021.12.24"]
[EventType "tourn"]
[EventRounds "13"]
[EventCountry "SRI"]
[SourceTitle "CBM 205 Extra"]
[Source "ChessBase"]
[SourceDate "2022.01.31"]
[SourceVersion "1"]
[SourceVersionDate "2022.01.31"]
[SourceQuality "1"]

1. e4 e5 2. Nf3 Nc6 3. Bb5 a6 4. Bxc6 dxc6 5. 0-0 f6 6. d4 Bg4 7. c3 Bd6 8. Be3 Nh6 9. dxe5 fxe5 10. Nbd2 Nf7 11. Qc2 Qe7 12. a4 0-0 13. h3 Be6 14. a5 Kh8 15. Nh2 Rad8 16. Kh1 Kg8 17. b4 h6 18. Nb3 Nh8 19. Nc5 Bc8 20. Qa2+ Kh7 21. Rae1 Ng6 22. Qc2 Kh8 23. Nd3 Qf7 24. Rd1 Rde8 25. f3 Be6 26. Qf2 Bc4 27. Rfe1 Rg8 28. Nf1 Rd8 29. Nc5 Bxc5 30. bxc5 Bxf1 31. Rxf1 Qc4 32. Qc2 Rge8 33. Rfe1 Nf8 34. Qc1 Kh7 35. Kh2 Ne6 36. Rxd8 Rxd8 37. Rd1 Rd3 38. Rxd3 Qxd3 39. h4 Qe2 40. Kg3 Kg6 41. Kh2 h5 42. Kg3 Kf7 43. Kh2 Ke8 44. Kg3 Kd7 45. Kh2 Kc8 46. Kg3 Qa2 47. Qf1 Qxa5 48. Qc4 Kd7 49. Qd3+ Ke7 50. Bg5+ Nxg5 51. hxg5 Qxc5 52. Qb1 b5 53. Qa2 Qe3 54. Qa3+ Kd7 55. Qxa6 Qxg5+ 56. Kh2 Qh4+ 57. Kg1 Qe1+ 58. Kh2 Qxc3 59. Qa2 Qc4 60. Qd2+ Kc8 61. Qg5 Qc3 62. Qxg7 b4 63. Qf8+ Kb7 64. Kh3 b3 65. Qa3 c5 66. Kh4 Qb4 67. Qb2 c4 68. Qxe5 b2 69. Qd5+ Ka7 70. Qd4+ Qb6 0-1

[Event "SRI-ch"]
[Site "Nugegoda"]
[Date "2021.12.26"]
[Round "5"]
[White "Dahanayake, Isara Banidu"]
[Black "De Silva, Osheen"]
[Result "1-0"]
[WhiteElo "1721"]
[BlackElo "1806"]
[PlyCount "82"]
[EventDate "2021.12.24"]
[EventType "tourn"]
[EventRounds "13"]
[EventCountry "SRI"]
[SourceTitle "CBM 205 Extra"]
[Source "ChessBase"]
[SourceDate "2022.01.31"]
[SourceVersion "1"]
[SourceVersionDate "2022.01.31"]
[SourceQuality "1"]

1. e4 c5 2. Nf3 d6 3. d4 cxd4 4. Qxd4 Nc6 5. Bb5 a6 6. Bxc6+ bxc6 7. e5 d5 8. c4 e6 9. 0-0 Ne7 10. Bg5 h6 11. Bxe7 Bxe7 12. c5 a5 13. Nc3 Rb8 14. a3 0-0 15. b4 Ba6 16. Rfe1 Qd7 17. Ne4 Qd8 18. Nd6 f6 19. Qg4 fxe5 20. Qxe6+ Kh7 21. Nxe5 Rf6 22. Qh3 Bxd6 23. cxd6 Qxd6 24. Nd7 axb4 25. Nxf6+ Qxf6 26. axb4 Bc4 27. Qe6 Rxb4 28. h3 d4 29. Qe4+ Qg6 30. g4 Qxe4 31. Rxe4 Bd5 32. Rf4 g5 33. Rf6 d3 34. Ra7+ Kg8 35. Rg6+ Kf8 36. Rf6+ Ke8 37. Rxh6 Bg8 38. Rxc6 Rb1+ 39. Kh2 Kd8 40. Rd6+ Kc8 41. Rxd3 Bd5 1-0

[Event "SRI-ch"]
[Site "Nugegoda"]
[Date "2021.12.25"]
[Round "3"]
[White "Dahanayake, Isara Banidu"]
[Black "Senevirathne, SDBK"]
[Result "1-0"]
[WhiteElo "1721"]
[BlackElo "1660"]
[PlyCount "115"]
[EventDate "2021.12.24"]
[EventType "tourn"]
[EventRounds "13"]
[EventCountry "SRI"]
[SourceTitle "CBM 205 Extra"]
[Source "ChessBase"]
[SourceDate "2022.01.31"]
[SourceVersion "1"]
[SourceVersionDate "2022.01.31"]
[SourceQuality "1"]

1. e4 e5 2. Nf3 Nc6 3. Bb5 a6 4. Ba4 Nf6 5. d3 b5 6. Bb3 Be7 7. 0-0 Bb7 8. Nc3 0-0 9. a3 h6 10. Re1 Re8 11. Ne2 d5 12. exd5 Nxd5 13. Ng3 Bc5 14. c3 Qd7 15. Nd2 Nf4 16. Nde4 Bb6 17. Nh5 Qf5 18. g4 Qc8 19. Nxf4 exf4 20. Bxf4 Ne5 21. Bxe5 Rxe5 22. Qf3 Qe8 23. Re2 Qe7 24. Rae1 Re8 25. Qf4 Qd7 26. d4 R5e7 27. h3 Qc6 28. d5 Qd7 29. Rd1 Kh8 30. Kf1 a5 31. Rdd2 Re5 32. Nf6 gxf6 33. Qxf6+ Kh7 34. Rxe5 Rxe5 35. Qxe5 Bc5 36. Bc2+ Kg8 37. Qe4 f6 38. b4 Bf8 39. Qg6+ Qg7 40. Qxg7+ Kxg7 41. bxa5 Bxa3 42. Bd3 Ba6 43. Ra2 Bc1 44. Ra1 Bb2 45. Rb1 Bxc3 46. Bxb5 Bb7 47. a6 Bxd5 48. Rc1 c6 49. Rxc3 cxb5 50. Rc5 Be4 51. a7 b4 52. Ke1 b3 53. Rb5 Kg6 54. Rxb3 Kg5 55. Rb8 Kh4 56. a8Q Bxa8 57. Rxa8 Kxh3 58. f3 1-0

[Event "Asia-ch U20"]
[Site "Waskaduwa"]
[Date "2021.12.19"]
[Round "4"]
[White "Dahanayake, Isara Banidu"]
[Black "Poormosavi, Seyed Kian"]
[Result "1-0"]
[WhiteElo "1721"]
[BlackElo "2301"]
[PlyCount "101"]
[EventDate "2021.12.17"]
[EventType "swiss"]
[EventRounds "9"]
[EventCountry "SRI"]
[SourceTitle "CBM 206 Extra"]
[Source "ChessBase"]
[SourceDate "2022.03.31"]
[SourceVersion "1"]
[SourceVersionDate "2022.03.31"]
[SourceQuality "1"]

1. e4 c6 2. d4 d5 3. e5 c5 4. dxc5 e6 5. a3 Bxc5 6. Qg4 Ne7 7. Nf3 Qb6 8. Bd3 Bxf2+ 9. Ke2 Nbc6 10. Rf1 Bd4 11. c3 f5 12. Qg3 Bc5 13. b4 Ng6 14. bxc5 Qxc5 15. a4 Qa5 16. Na3 a6 17. Nc2 Bd7 18. h4 0-0-0 19. h5 Nge7 20. Bd2 Be8 21. Ncd4 Nxd4+ 22. cxd4 Qc7 23. Rfc1 Nc6 24. Rab1 Rg8 25. Bg5 Bxh5 26. Bxd8 Rxd8 27. Kf1 h6 28. Qe1 Kd7 29. Qh4 Bf7 30. Nd2 Rb8 31. Nb3 Ke8 32. Nc5 Kf8 33. Nxa6 bxa6 34. Rxb8+ Qxb8 35. Rxc6 Kg8 36. Qe7 Qb3 37. Bc2 Qe3 38. Rc8+ Kh7 39. Qxf7 Qf4+ 40. Ke2 Qg4+ 41. Kd3 Qg3+ 42. Kd2 Qf2+ 43. Kc3 Qe3+ 44. Kb4 Qxd4+ 45. Ka5 Qxe5 46. Qg8+ Kg6 47. Rc6 d4+ 48. Kxa6 Kf6 49. Qf8+ Kg5 50. Qe7+ Kg4 51. Qxe6 1-0

[Event "Asia-ch U20"]
[Site "Waskaduwa"]
[Date "2021.12.17"]
[Round "1"]
[White "Abeyrathne, KWAMGDU"]
[Black "Dahanayake, Isara Banidu"]
[Result "0-1"]
[WhiteElo "1054"]
[BlackElo "1721"]
[PlyCount "68"]
[EventDate "2021.12.17"]
[EventType "swiss"]
[EventRounds "9"]
[EventCountry "SRI"]
[SourceTitle "CBM 206 Extra"]
[Source "ChessBase"]
[SourceDate "2022.03.31"]
[SourceVersion "1"]
[SourceVersionDate "2022.03.31"]
[SourceQuality "1"]

1. e4 c5 2. Nf3 d6 3. Bb5+ Nd7 4. 0-0 a6 5. Bxd7+ Bxd7 6. c3 Nf6 7. Re1 e5 8. d4 Qc7 9. Bg5 Be7 10. Na3 b5 11. Nc2 Bc6 12. d5 Bd7 13. h3 h6 14. Bh4 0-0 15. g4 Rfe8 16. Bg3 a5 17. Nd2 Nh7 18. f4 exf4 19. Bxf4 Nf8 20. Nf3 Ng6 21. Bg3 Bf6 22. Qd3 Ne5 23. Nxe5 Bxe5 24. Bxe5 Rxe5 25. Re3 Ree8 26. Rae1 Qd8 27. Qf1 h5 28. gxh5 Qg5+ 29. Qg2 Qxh5 30. Rg3 Qh7 31. Kh2 Kh8 32. Rg1 g6 33. Re1 Qh4 34. Ree3 Kg7 0-1

[Event "Titled Tuesday intern op 14th Dec"]
[Site "Chess.com INT"]
[Date "2021.12.14"]
[Round "2"]
[White "Dahanayake, Isara Banidu"]
[Black "Urbina Perez, Juan Antonio"]
[Result "0-1"]
[WhiteElo "1721"]
[BlackElo "2284"]
[PlyCount "88"]
[EventDate "2021.12.14"]
[EventType "swiss (blitz)"]
[EventRounds "11"]
[EventCountry "USA"]
[SourceTitle "EXT 2023"]
[Source "ChessBase"]
[SourceDate "2022.10.05"]
[SourceVersion "1"]
[SourceVersionDate "2022.10.05"]
[SourceQuality "1"]

1. e4 c6 2. d4 d5 3. Nc3 dxe4 4. Nxe4 Nd7 5. Nf3 Ngf6 6. Nxf6+ Nxf6 7. Bd3 Bg4 8. c3 e6 9. 0-0 Qd5 10. Be2 Be7 11. h3 Bh5 12. Bf4 0-0 13. Ne5 Bxe2 14. Qxe2 Rfd8 15. Rad1 Qxa2 16. Rfe1 Nd5 17. Bg3 Nf6 18. c4 Bb4 19. Nxf7 Kxf7 20. Qxe6+ Kf8 21. Ra1 Qxb2 22. Rab1 Qc3 23. c5 Qxd4 24. Bd6+ Rxd6 25. cxd6 Bxe1 26. Qe7+ Kg8 27. Rxb7 Bxf2+ 28. Kh1 Ne4 29. Qf7+ Kh8 30. d7 Ng3+ 31. Kh2 Nf1+ 32. Kh1 Rg8 33. d8Q Qxd8 34. Qxf2 Qd1 35. Rf7 Ng3+ 36. Kh2 Nh5 37. Rf8 Qd6+ 38. g3 Qxf8 39. Qe2 Qe8 40. Qg4 Rf8 41. Kg2 Qd8 42. Qa4 Qd2+ 43. Kg1 Qe1+ 44. Kg2 Rf2# 0-1

[Event "Titled Tuesday intern op 02nd Nov"]
[Site "Chess.com INT"]
[Date "2021.11.02"]
[Round "8"]
[White "Martin, Lewis"]
[Black "Dahanayake, Isara Banidu"]
[Result "1-0"]
[WhiteElo "2205"]
[BlackElo "1721"]
[PlyCount "105"]
[EventDate "2021.11.02"]
[EventType "swiss (blitz)"]
[EventRounds "11"]
[EventCountry "USA"]
[SourceTitle "CBM 205 Extra"]
[Source "ChessBase"]
[SourceDate "2022.01.31"]
[SourceVersion "1"]
[SourceVersionDate "2022.01.31"]
[SourceQuality "1"]

1. e4 c5 2. Nf3 d6 3. d4 cxd4 4. Nxd4 Nf6 5. Nc3 a6 6. Bc4 e6 7. Bb3 b5 8. 0-0 Be7 9. Re1 0-0 10. Be3 Bb7 11. f3 Nbd7 12. a3 Nc5 13. Ba2 Rc8 14. Qd2 Re8 15. Rad1 Qc7 16. Qf2 Bf8 17. g4 Nfd7 18. Qg3 Ne5 19. Kh1 Nc4 20. Bc1 g6 21. h4 Bg7 22. h5 Be5 23. Qh3 Qe7 24. Kg2 Qf6 25. hxg6 fxg6 26. Rh1 Re7 27. Nce2 Rf8 28. Rhf1 Nxe4 29. fxe4 Bxe4+ 30. Kg1 Qg7 31. Bh6 Rxf1+ 32. Kxf1 Qf7+ 33. Kg1 Bf3 34. Nxf3 Ne3 35. Rd3 Nxc2 36. Nxe5 dxe5 37. Rf3 Qe8 38. Rf8+ Qxf8 39. Bxf8 Kxf8 40. Ng3 Rf7 41. Ne4 Ne1 42. Qh6+ Ke7 43. Qg5+ Kd7 44. Qd2+ Ke7 45. Qxe1 Rf4 46. Qe2 Kf7 47. Ng5+ Ke7 48. Nxe6 e4 49. Nxf4 Kd6 50. Qxe4 Kc7 51. Ne6+ Kb8 52. Qc6 Ka7 53. Bd5 1-0

[Event "Titled Tuesday intern op 26th Oct"]
[Site "Chess.com INT"]
[Date "2021.10.26"]
[Round "3"]
[White "Bures, Vit"]
[Black "Dahanayake, Isara Banidu"]
[Result "1-0"]
[WhiteElo "2110"]
[BlackElo "1721"]
[PlyCount "113"]
[EventDate "2021.10.26"]
[EventType "swiss (blitz)"]
[EventRounds "11"]
[EventCountry "USA"]
[SourceTitle "CBM 204 Extra"]
[Source "ChessBase"]
[SourceDate "2021.11.30"]
[SourceVersion "1"]
[SourceVersionDate "2021.11.30"]
[SourceQuality "1"]

1. d4 Nf6 2. c4 g6 3. Nc3 Bg7 4. e4 d6 5. Be2 0-0 6. Bg5 c5 7. d5 h6 8. Bf4 Nbd7 9. Nf3 Nh5 10. Be3 a6 11. 0-0 Rb8 12. a4 Nhf6 13. h3 Nb6 14. a5 Na8 15. Qd2 Kh7 16. Nh2 Nc7 17. f4 e5 18. fxe5 dxe5 19. Bxc5 Re8 20. Be3 Rf8 21. c5 Bd7 22. b4 Nb5 23. Bxb5 Bxb5 24. Nxb5 axb5 25. Qd3 Qd7 26. Nf3 Rfe8 27. Nd2 Nh5 28. Nb1 f5 29. exf5 e4 30. fxg6+ Kh8 31. Qa3 Bxa1 32. Qxa1+ Qg7 33. Qxg7+ Nxg7 34. Nc3 Rf8 35. Nxb5 Rxf1+ 36. Kxf1 Rf8+ 37. Ke2 Nf5 38. d6 Kg7 39. Nc3 Kxg6 40. Nxe4 Re8 41. Kd3 Nxe3 42. Kxe3 Kf5 43. g4+ Ke5 44. Kd3 Kd5 45. Nf6+ Ke6 46. Nxe8 Kd7 47. Nf6+ Kc6 48. Ng8 h5 49. gxh5 Kb5 50. d7 Kxb4 51. d8Q Kxc5 52. Qb6+ Kd5 53. Nf6+ Ke5 54. Qd4+ Kf5 55. Ng4 Kg5 56. Qf6+ Kxh5 57. Qh6# 1-0

[Event "Titled Tuesday intern op 26th Oct"]
[Site "Chess.com INT"]
[Date "2021.10.26"]
[Round "9"]
[White "Dahanayake, Isara Banidu"]
[Black "Bonte, Andrei Mihai"]
[Result "0-1"]
[WhiteElo "1721"]
[BlackElo "2333"]
[PlyCount "72"]
[EventDate "2021.10.26"]
[EventType "swiss (blitz)"]
[EventRounds "11"]
[EventCountry "USA"]
[SourceTitle "CBM 204 Extra"]
[Source "ChessBase"]
[SourceDate "2021.11.30"]
[SourceVersion "1"]
[SourceVersionDate "2021.11.30"]
[SourceQuality "1"]

1. e4 e6 2. d4 d5 3. Nc3 dxe4 4. Nxe4 Nd7 5. Nf3 Ngf6 6. Nxf6+ Nxf6 7. Bd3 c5 8. Qe2 cxd4 9. 0-0 Be7 10. Be4 Nxe4 11. Qxe4 Bf6 12. Rd1 0-0 13. c3 e5 14. Be3 Qb6 15. cxd4 exd4 16. Bxd4 Bxd4 17. Qxd4 Bf5 18. h3 Rfd8 19. Qxb6 axb6 20. a3 h6 21. Rac1 Rxd1+ 22. Rxd1 Rc8 23. Nd4 Bd7 24. f3 Kf8 25. Kf2 h5 26. h4 f6 27. Kg3 g5 28. hxg5 fxg5 29. f4 h4+ 30. Kf3 g4+ 31. Kf2 Kf7 32. Rh1 Rh8 33. Ke3 Kf6 34. f5 Bxf5 35. Rf1 Re8+ 36. Kf4 Re4# 0-1

[Event "Titled Tuesday intern op 26th Oct"]
[Site "Chess.com INT"]
[Date "2021.10.26"]
[Round "5"]
[White "Kornyukov, Alexey"]
[Black "Dahanayake, Isara Banidu"]
[Result "1-0"]
[WhiteElo "2452"]
[BlackElo "1721"]
[PlyCount "69"]
[EventDate "2021.10.26"]
[EventType "swiss (blitz)"]
[EventRounds "11"]
[EventCountry "USA"]
[SourceTitle "CBM 204 Extra"]
[Source "ChessBase"]
[SourceDate "2021.11.30"]
[SourceVersion "1"]
[SourceVersionDate "2021.11.30"]
[SourceQuality "1"]

1. d4 Nf6 2. c4 g6 3. f3 Bg7 4. e4 d6 5. Nc3 0-0 6. Bg5 c5 7. d5 e6 8. Qd2 h6 9. Be3 exd5 10. cxd5 Nbd7 11. Nh3 a6 12. a4 Re8 13. Nf2 h5 14. Be2 Nh7 15. 0-0 f5 16. h3 Qh4 17. Nd3 f4 18. Nxf4 Ne5 19. Ne6 Bxe6 20. dxe6 Qe7 21. f4 Nc6 22. f5 gxf5 23. exf5 Nf6 24. Bg5 Nd4 25. Bxh5 Rf8 26. Nd5 Nxd5 27. Bxe7 Nxe7 28. Bf7+ Kh8 29. f6 Nef5 30. fxg7+ Kxg7 31. Qg5+ Kh8 32. Rxf5 Nxf5 33. Qxf5 Rxf7 34. Qxf7 Rf8 35. Qxf8+ 1-0

[Event "Titled Tuesday intern op 26th Oct"]
[Site "Chess.com INT"]
[Date "2021.10.26"]
[Round "11"]
[White "Winkels, Marcel"]
[Black "Dahanayake, Isara Banidu"]
[Result "0-1"]
[WhiteElo "1992"]
[BlackElo "1721"]
[PlyCount "88"]
[EventDate "2021.10.26"]
[EventType "swiss (blitz)"]
[EventRounds "11"]
[EventCountry "USA"]
[SourceTitle "CBM 204 Extra"]
[Source "ChessBase"]
[SourceDate "2021.11.30"]
[SourceVersion "1"]
[SourceVersionDate "2021.11.30"]
[SourceQuality "1"]

1. e4 c5 2. Nf3 d6 3. d4 cxd4 4. c3 dxc3 5. Nxc3 Nc6 6. Bc4 a6 7. 0-0 Nf6 8. Qe2 Bg4 9. Be3 e6 10. Rfd1 Be7 11. h3 Bxf3 12. Qxf3 Qc7 13. Bb3 0-0 14. Rac1 Ne5 15. Qg3 Qb8 16. Bd4 b5 17. f4 Nc4 18. Bxc4 bxc4 19. e5 dxe5 20. Bxe5 Qb6+ 21. Kh1 Rad8 22. Ne4 Kh8 23. Nxf6 gxf6 24. Bc3 Rxd1+ 25. Rxd1 Rg8 26. Qh4 Rg6 27. f5 exf5 28. Re1 Qb7 29. Qf2 Kg7 30. Re2 Qd7 31. Rd2 Qc6 32. Qxf5 Qb6 33. Rd7 Qe3 34. Rd1 Rg5 35. Qf1 Qg3 36. Re1 Kf8 37. Qe2 Bd6 38. Qe8+ Kg7 39. Bxf6+ Kxf6 40. Rf1+ Kg6 41. Qxf7+ Kh6 42. Rf6+ Rg6 43. Rxg6+ Qxg6 44. Qf3 Qb1+ 0-1